Nezávislosť centrálnej banky - základný inštitucionálny predpoklad racionálneho výkonu menovej politiky
Stanovenie cieľa menovej politiky. Teoretická argumentácia v súvislosti s nezávislosťou banky. Argumenty v prospech nezávislosti centrálnej banky. Nezávislá banka verzus záväzné menovopolitické pravidlá. Argumenty v neprospech nezávislej centrálnej banky.
Salvato in:
| Autore principale: | |
|---|---|
| Altri autori: | |
| Natura: | Capitolo di libro |
| Lingua: | slovacco |
| Soggetti: | |
| Tags: |
Nessun Tag, puoi essere il primo ad aggiungerne!!
|
MARC
| LEADER | 00000naa$a2200000$$$4500 | ||
|---|---|---|---|
| 001 | 0002205 | ||
| 005 | 20230918082312.8 | ||
| 041 | 0 | |a slo | |
| 044 | |a SK | ||
| 245 | 1 | 0 | |a Nezávislosť centrálnej banky - základný inštitucionálny predpoklad racionálneho výkonu menovej politiky |c aut. Martin Strieborný, Beáta Šaková |
| 520 | |a Stanovenie cieľa menovej politiky. Teoretická argumentácia v súvislosti s nezávislosťou banky. Argumenty v prospech nezávislosti centrálnej banky. Nezávislá banka verzus záväzné menovopolitické pravidlá. Argumenty v neprospech nezávislej centrálnej banky. | ||
| 610 | 2 | 0 | |a banky centrálne |
| 610 | 2 | 0 | |a politika menová |
| 610 | 2 | 0 | |a nezávislosť |
| 610 | 2 | 0 | |a výskum |
| 610 | 2 | 0 | |a bankovníctvo |
| 100 | 1 | |a Strieborný, Martin | |
| 700 | 1 | |a Šaková, Beáta | |